| 000 | 00813nam a2200253 a 4500 | ||
|---|---|---|---|
| 001 | BRCA_8031 | ||
| 005 | 20190320210114.0 | ||
| 008 | 240314s1900----gw-a###f##---#001-0#ger-# | ||
| 041 | _ager | ||
| 044 | _agw | ||
| 050 | 4 |
_aN7300 _b.M45 1900 |
|
| 245 | 1 | 0 |
_aDie meisterwerke des kaiser Friedrich-Museum zu Berlin _ctext von Oskar Fischel. |
| 260 |
_aMúnich _bFranz Hanfstaengl _c[1900] |
||
| 300 |
_alxxv, 259 p. _bil., 259 láminas _c26 cm. |
||
| 440 | 0 |
_aMeisterwerke der bedeutendsten Galerien Europas _919957 |
|
| 500 | _aY5 | ||
| 610 | 2 | 4 |
_aGemäldegalerie (Berlín) _918671 |
| 650 | 1 | 4 |
_aPintura _vCatálogos _zAlemania _919958 |
| 650 | 1 | 4 |
_aGalerías y museos _zAlemania _95059 |
| 700 | 1 |
_aFischel, Oskar _919959 |
|
| 710 | 2 |
_aKaiser-Friedrich Museum (Berlín) _919142 |
|
| 902 | _aGFM | ||
| 942 |
_2lcc _cB |
||
| 999 |
_c7700 _d7700 |
||